000 00260nam a22001217a 4500
008 210304b ||||| |||| 00| 0 eng d
041 _aeng
080 _a004
100 _a35
101 _aSHKI
245 _aC/Database Toolchest
_cWorldwide
942 _2udc
_cBK
999 _c55741
_d55741